Datum a čas kvízu
17.5
Celkem bodů
Celkový počet nahraných bodů na tomto kvízu bez doplňovacích otázek.
5.
Pořadí na kvízu
Konečné umístění týmu na tomto kvízu.
Zaznamenané odpovědi
| # | Otázka | Odpověď | Body | Výsledky |
|---|---|---|---|---|
| 1. | Dita Protopopová, jejíž jméno... | 1 | ||
| 2. | Jihokorejec Kim Čong-jang byl... | 1 | ||
| 3. | Tři ženy v galerii mezinárodní... | 0 | ||
| 4. | Řada čínských e-shopů stáhla z... | 0 | ||
| 5. | Slovenský záložník se během zá... | 0 | ||
| 6. | Nedávno jsme zde probírali tém... | 1 | ||
| 5. | Špatné fungování tohoto orgánu... | 0 | ||
| 5. | Kterým českým výrazem je pojme... | 1 | ||
| 5. | Ledviny slouží k odstranění ne... | 0 | ||
| 5. | V tenkém střevu dochází ke kon... | 1 |